The flash and the Arrow TVshows quiz - Statistics

General Stats
  • This quiz has been taken 1,172 times
    1,150 since last reset
  • The average score is 6 of 13
Answer Stats
Hint Answer % Correct
What is the name of the villain that killed Barre's/ the flash's mother reverse flash
92%
what is Kathleen snow's name on earth 2 killer frost
85%
Who is Barry's/ the flash's foster father Joe West
77%
How long did the arrow stay in the island 5 years
68%
what is iris's brother called wally west
67%
What is the name of the villain that killed Barre's/ the flash's father zoom
59%
who killed Arrows mother Death stroke
57%
Who is the superhero that appeared in both TV shows and he can be smaller Atom
53%
What is The name of Cisco's double ganger reverb
36%
Who is arrows villain in season 4 Damion dark
32%
who is Barry's/ the flash's best friend green arrow
11%
who did Damion dark kill the black canary
3%
what is oliver's half sister called Thia queen
2%
No matching quizzes found
Score Distribution
Percent of People with Each Score
Percentile by Number Answered
Your Score History
You have not taken this quiz since the last reset